A Melodious Harmony / (Record no. 211065)

MARC details
000 -LEADER
fixed length control field 00588nam a22001817a 4500
005 - DATE AND TIME OF LATEST TRANSACTION
control field 20250430114805.0
010 ## - LCCN (DPL NO)
LC control number ENG-144698
020 ## - INTERNATIONAL STANDARD BOOK NUMBER
International Standard Book Number 9788123441597
Terms of availability 100.00
035 ## - SYSTEM CONTROL NUMBER
System control number EN-128230
037 ## - SOURCE OF ACQUISITION
Source of stock number/acquisition DBAD
082 ## - DEWEY DECIMAL CLASSIFICATION NUMBER
Classification number 808.883
Edition number 1
100 ## - MAIN ENTRY--PERSONAL NAME
Personal name KTV
245 ## - TITLE STATEMENT
Title A Melodious Harmony /
Statement of responsibility, etc KTV
260 ## - PUBLICATION, DISTRIBUTION, ETC. (IMPRINT)
Place of publication, distribution, etc Tamilnadu
Name of publisher, distributor, etc New Century Book House (P) Ltd.,
Date of publication, distribution, etc 2021
270 ## - ADDRESS
Address 41-B,SIDCO Industrial Estate,Ambattur,
City Chennai,Tamilnadu
Postal code 600050
Electronic mail address info@ncbh.in
Telephone number 044-26251968,26258410,48601884
300 ## - PHYSICAL DESCRIPTION
Extent 104 p.
Dimensions 21 cm.(Pbk)
942 ## - ADDED ENTRY ELEMENTS (KOHA)
Source of classification or shelving scheme Dewey Decimal Classification
Item type English Books
Classification part 808.883
Call number suffix KTV
Edition 1
Holdings
Withdrawn status Lost status Not for loan Collection code Home library Current library Date acquired Source of acquisition Cost, normal purchase price Full call number Barcode Copy number Cost, replacement price Koha item type
      Non-fiction Mobile Library Mobile Library 23/04/2025 DBAD 100.00 808.883 KTV EN-128230 1 100.00 English Books

© Delhi Public Library
Hit Counter
free hit counter